• 首页
  • 本馆介绍
  • 公告通知
  • 最新文献
  • 馆藏检索
  • 电子资源
  • 读者导购
  • 参考咨询
  • 我的图书馆
  • 登录
  • 详细信息显示
  • 放入我的书架
  • 预约/预借图书
  • 作者相关作品
  • 分类相关作品
  • 丛书相关作品
  • 出版社相关作品

书目信息

  • 表格格式
  • 工作单格式
  • 卡片格式
题名:
明代前期福建史
    
 
作者: 徐晓望 著
分册:  
出版信息: 北京   线装书局  2016
页数: 336页
开本: 24cm
丛书名:
单 册:
中图分类: K295.7
科图分类:
主题词:
电子资源:
ISBN: 978-7-5120-2443-4
000 00830nam0 2200229 450
001 012001001546
005 20140921103355.0
010    @a978-7-5120-2443-4@b精装@dCNY88.00
100    @a20170328d2016 em y0chiy50 ea
101 0  @achi
102    @aCN@b110000
105    @aa z 000yy
106    @ar
200 1  @a明代前期福建史@9ming dai qian qi fu jian shi@e1368~1521年@f徐晓望著
210    @a北京@c线装书局@d2016
215    @a336页@c图@d24cm
330    @a本书共分为七章。主要包括明代前期福建的治乱、明代海洋秩序确立、明代前期福建的经济、明代前期福建的文化事业、天妃崇拜与福建民间信仰、骚动的海洋——私人海上贸易的发生、明代前期漳潮人的海上网络。
607    @a福建@x地方史@z明代
690    @aK295.7@v5
701  0 @a徐晓望@9xu xiao wang@f(1954-)@4著
801  0 @aCN@b上海新华@c20180901
905    @b1156590-4@dK295.7@e379@f5
    
    明代前期福建史:1368~1521年/徐晓望著.-北京:线装书局,2016
    336页:图;24cm
    
    
    ISBN 978-7-5120-2443-4(精装):CNY88.00
    本书共分为七章。主要包括明代前期福建的治乱、明代海洋秩序确立、明代前期福建的经济、明代前期福建的文化事业、天妃崇拜与福建民间信仰、骚动的海洋——私人海上贸易的发生、明代前期漳潮人的海上网络。
●
相关链接 在E读中查询图书 在五车中查询图书 在当当中查询图书 在豆瓣中查询图书


正题名:明代前期福建史     索取号:K295.7/379         预约/预借

序号 登录号 条形码 馆藏地/架位号 状态 备注
1 1156590   211565901   第二样本阅览室/ [索取号:K295.7/379] 在馆    
2 1156591   211565910   密集书库-史法系/ [索取号:K295.7/379] 在馆    
3 1156592   211565929   第二借阅区/ [索取号:K295.7/379] 在馆    
4 1156593   211565938   第二借阅区/ [索取号:K295.7/379] 在馆    
5 1156594   211565947   第二借阅区/ [索取号:K295.7/379] 在馆    
唐山师范学院图书馆 欢迎您!
大连网信软件有限公司© 版权所有